التدريس من أجل الكفاية / (رقم التسجيلة. 3178)
[ عرض عادي ]
| 000 -الفاتح | |
|---|---|
| حقل البيانات ثابتة الطول | 00733cam a2200217a 44500 |
| 003 - محدد رقم الضبط | |
| رقم الضبط | OSt |
| 005 - وقت وتاريخ اخر تعامل مع التسجيلة | |
| رقم الضبط | 20150408113744.0 |
| 008 - عناصر البيانات ثابتة الطول - معلومات عامة | |
| حقل البيانات ثابتة الطول | 970811s1993 su g 00000 ara dd |
| 040 ## - مصدر الفهرسة | |
| وكالة الفهرسة الأصلية | SA-RiAUC |
| لغة الفهرسة | ara |
| وكالة النسخ | SA-RiAUC |
| 041 ## - رمز اللغة | |
| رمز لغة النص/ المسارات الصوتية أو العنوان الانفرادي | عربي |
| 072 0# - رمز الفئه الموضوعية | |
| رمز فئه الموضوع | 041 |
| مجموعة رمز فئه الموضوع | التربية والتعليم |
| 082 04 - رقم تصنيف ديوى العشرى | |
| رقم التصنيف | 370.11 س هـ ت |
| 092 ## - رقم استدعاء ديوى المحلى | |
| رقم التصنيف | 370.11 |
| رقم المادة | س هـ ت |
| 100 1# - المدخل الرئيسى - إسم شخصى | |
| الإسم الشخصى | سلفان، هوارد. |
| 9 (RLIN) | 2852 |
| 245 12 - بيان العنوان | |
| العنوان | التدريس من أجل الكفاية / |
| بيان المسئوليه,etc | تأليف هوارد سلفان. |
| 250 ## - بيان الطبعة | |
| بيان الطبعة | ط. 1. |
| 260 ## - PUBLICATION, DISTRIBUTION, ETC. (IMPRINT) | |
| مكان الناشر او الموزع | الرياض |
| اسم الناشر او الموزع | جامعة الملك سعود، عمادة شؤون المكتبات، |
| تاريخ النشر أو التوزيع | 1414 = 1993 |
| 300 ## - الوصف المادى | |
| التعداد | 146 ص. ؛ |
| أبعاد الوعاء | 24 سم. 7 |
| 650 ## - المدخل الاضافى بالموضوع-مصطلح موضوعى | |
| مصطلح موضوعي أو اسم جغرافي كعنصر مدخل | التعليم |
| التقسيم الفرعي العام | فلسفة |
| مصدر الرأس أو المصطلح | aucsh.\\ |
| 9 (RLIN) | 2853 |
| 942 ## - عناصر المدخل الإضافي( كوها) | |
| مصدر التصنيف او مخطط الترفيف | Dewey Decimal Classification |
| Koha [default] item type | كتاب |
| حالة الفقد | نموذج السعر الفعال | حالة تلف | ليس للاعارة | رقم الطلب | تاريخ الاكتساب | الموقع الحالي | الباركود | الفرع الرئيسي | Date last seen | نوع المادة فى نظام كوها | مصدر التصنيف او خطة الترفيف | Total Checkouts |
|---|---|---|---|---|---|---|---|---|---|---|---|---|
| 2013-03-10 | 370.11 س هـ ت | 2011-09-16 | المكتبة المركزية بالمجمعة (CL) | 00046462 | المكتبة المركزية بالمجمعة (CL) | 2013-03-10 | كتاب | Dewey Decimal Classification | ||||
| 2013-03-10 | 370.11 س هـ ت | 2011-09-16 | المكتبة المركزية بالمجمعة (CL) | 00046463 | المكتبة المركزية بالمجمعة (CL) | 2013-03-10 | كتاب | Dewey Decimal Classification | ||||
| 2013-03-10 | 370.11 س هـ ت | 2011-08-14 | مكتبة مجمع الطالبات بالمجمعة (EMF) | 00016390 | مكتبة مجمع الطالبات بالمجمعة (EMF) | 2013-03-10 | كتاب | Dewey Decimal Classification | ||||
| 2013-03-10 | 370.11 س هـ ت | 2011-08-15 | مكتبة مجمع الطالبات بالمجمعة (EMF) | 00023426 | مكتبة مجمع الطالبات بالمجمعة (EMF) | 2013-03-10 | كتاب | Dewey Decimal Classification |
